000 00400nam a2200133Ia 4500
003 GCL
008 140319s9999 xx 000 0 ara d
040 _aGCL /
_cGCL
082 0 4 _a250
_bص ع
245 1 0 _aعون الحكام على فصل الاحكام شرح منظومة الامام ابن وهبان
260 _a[S.N] :
_bمطبعة دار الكتب ،
_c1994
300 _a423 ص
490 _a
999 _c35526
_d35526